000 00719nam a2200289Ia 4500
005 20260324125448.0
008 008 260324s9999 xx 000 0 eng d
020 _a9780203871218
037 _aEBOOK
040 _aCRL
040 _beng
040 _cCRL
041 _2eng
041 _aeng
084 _qCRL
100 _aMarianne David; Olga Núñez Piñeiro; Javier Muñoz-Basols
_91178073
245 0 _aSpeed Up Your Spanish
245 0 _bStrategies to Avoid Common Errors
260 _bTaylor and Francis
260 _c2009
365 _a
365 _b265
856 _uhttp://www.taylorfrancis.com/books/9780203871218
942 _cEBOOK
999 _c1773354
_d1773354